000 00286nam a2200121Ia 4500
008 190216s9999||||xx |||||||||||||| ||und||
100 _aMohana Varma K L
245 0 _aMalayalam-Nammal Pathigal
260 _bPoorna Pubs Kozhikode
300 _a150
650 _aMalayalam
942 _cBK
999 _c27004
_d27004